[Event "Molde"]
[Site "Molde"]
[Date "2004.07.06"]
[Round "5"]
[White "Jervan, Morten"]
[Black "Brekke, John Ivar"]
[Result "1-0"]
[WhiteElo "1228"]
[BlackElo "1191"]
[PlyCount "39"]
[EventDate "2004.07.03"]
[EventType "swiss"]
[EventRounds "8"]
[EventCountry "NOR"]
[SourceTitle "EXT 2008"]
[Source "ChessBase"]
[SourceDate "2007.11.25"]
[SourceVersion "1"]
[SourceVersionDate "2007.11.25"]
[SourceQuality "1"]

1. e4 c6 2. d4 d5 3. Nc3 dxe4 4. Nxe4 Bf5 5. Ng3 Bg6 6. Nf3 e6 7. Bc4 Nf6 8. Bg5 Be7 9. c3 0-0 10. Ne5 Nbd7 11. Nxg6 hxg6 12. h4 Qa5 13. Bxf6 gxf6 14. h5 g5 15. h6 Kh8 16. h7 Rfd8 17. Qh5 Rf8 18. Qh6 f5 19. Nh5 Bf6 20. Nxf6 1-0

[Event "Fredrikstad op"]
[Site "Fredrikstad"]
[Date "2001.10.31"]
[Round "7"]
[White "Jervan, Morten"]
[Black "Olsen, Svein"]
[Result "0-1"]
[WhiteElo "1258"]
[BlackElo "1554"]
[PlyCount "74"]
[EventDate "2001.08.??"]
[EventType "swiss"]
[EventRounds "9"]
[EventCountry "NOR"]
[SourceTitle "EXT 2005"]
[Source "ChessBase"]
[SourceDate "2004.11.15"]
[SourceVersion "1"]
[SourceVersionDate "2004.11.15"]
[SourceQuality "1"]

1. e4 c5 2. Nf3 d6 3. d4 cxd4 4. Nxd4 Nf6 5. Nc3 Nc6 6. Bc4 a6 7. Bg5 e5 8. Nf3 Be7 9. Bxf6 Bxf6 10. Qd2 Be6 11. Be2 Qc7 12. a3 Ne7 13. 0-0 0-0 14. Rad1 Rfd8 15. Qe3 d5 16. exd5 Nxd5 17. Nxd5 Bxd5 18. Rd2 e4 19. Nd4 h6 20. Qc3 Qxc3 21. bxc3 Rac8 22. Bg4 Rxc3 23. Nf5 Bc6 24. Rxd8+ Bxd8 25. Nd4 Bb6 26. Nxc6 Rxc6 27. Rc1 e3 28. Kf1 exf2 29. Bf5 Bc5 30. a4 Rc7 31. Rd1 g6 32. Bd3 Kg7 33. Rb1 a5 34. Rd1 h5 35. h4 Re7 36. Rb1 b6 37. Bc4 Re4 0-1